Einfluss der Portfolioinvestitionen auf die wirtschftliche Entwicklung eines Lendes diplomová práca

Uložené v:
Podrobná bibliografia
Hlavný autor: Schwarzová, Lea
Korporácia: Fakulta medzinárodných vzťahov EU. Katedra medzinárodných ekonomických vzťahov a hospodárskej diplomacie, Martin-Luther-Universität Halle-Wittenberg
Ďalší autori: Dudáš, Tomáš, 1976-
Médium: Kniha
Jazyk:German
Vydavateľské údaje: Bratislava 2009
Tagy: Pridať tag
Žiadne tagy, Buďte prvý, kto otaguje tento záznam!

MARC

LEADER 00000nam$a2200000$$$4500
001 0104193
005 20240313095147.2
041 0 |a ger 
044 |a SK 
245 1 0 |a Einfluss der Portfolioinvestitionen auf die wirtschftliche Entwicklung eines Lendes  |b diplomová práca  |c Lea Schwarzová ; škol. Tomáš Dudáš 
264 1 |a Bratislava  |c 2009 
300 |a 44 s. 
100 1 |a Schwarzová, Lea 
700 1 |a Dudáš, Tomáš, 1976- 
710 2 |a Fakulta medzinárodných vzťahov EU. Katedra medzinárodných ekonomických vzťahov a hospodárskej diplomacie 
710 2 |a Martin-Luther-Universität Halle-Wittenberg